书目信息 |
| 题名: |
景观设计原理
|
|
| 作者: | 吴阳 , 刘慧超 , 丁妍 主编 | |
| 分册: | ||
| 出版信息: | 石家庄 河北美术出版社 2019 |
|
| 页数: | 168页 | |
| 开本: | 29cm | |
| 丛书名: | ||
| 单 册: | ||
| 中图分类: | TU983 | |
| 科图分类: | ||
| 主题词: | 景观设计--教材 | |
| 电子资源: | ||
| ISBN: | 978-7-5310-8422-8 | |
| 000 | 01036nam0 2200277 45 | |
| 001 | 012001003310 | |
| 005 | 20140130085003.0 | |
| 010 | @a978-7-5310-8422-8@dCNY58.00 | |
| 100 | @a20181129d2017 em y0chiy50 ea | |
| 101 | 0 | @achi |
| 102 | @aCN@b130000 | |
| 105 | @aa z 000yy | |
| 106 | @ar | |
| 200 | 1 | @a景观设计原理@9jing guan she ji yuan li@dPrinciple of landscape design@f吴阳,刘慧超,丁妍主编@zeng |
| 210 | @a石家庄@c河北美术出版社@d2019 | |
| 215 | @a168页@c彩图@d29cm | |
| 300 | @a“十三五”精品课程规划教材——艺术设计类 | |
| 330 | @a本书从景观设计概述的基础讲起,详细讲解了景观、景观设计、现代景观设计的概念、东西方景观设计的发展、景观设计的基本要素、景观设计的程序方法原则以及发展趋势,最后结合大量的景观设计案例进一步分析。 | |
| 510 | 1 | @aPrinciple of landscape design@zeng |
| 606 | 0 | @a景观设计@j教材 |
| 690 | @aTU983@v5 | |
| 701 | 0 | @a吴阳@9wu yang@4主编 |
| 701 | 0 | @a刘慧超@9liu hui chao@4主编 |
| 701 | 0 | @a丁妍@9ding yan@4主编 |
| 801 | 0 | @aCN@b北京卓展@c20191020 |
| 905 | @b1211170-3@dTU983@e1576@f4 | |
| 景观设计原理=Principle of landscape design/吴阳,刘慧超,丁妍主编.-石家庄:河北美术出版社,2019 |
| 168页:彩图;29cm |
| “十三五”精品课程规划教材——艺术设计类 |
| ISBN 978-7-5310-8422-8:CNY58.00 |
| 本书从景观设计概述的基础讲起,详细讲解了景观、景观设计、现代景观设计的概念、东西方景观设计的发展、景观设计的基本要素、景观设计的程序方法原则以及发展趋势,最后结合大量的景观设计案例进一步分析。 |
| ● |
| 相关链接 |
|
|
|
|
正题名:景观设计原理
索取号:TU983/1576
 
预约/预借
| 序号 | 登录号 | 条形码 | 馆藏地/架位号 | 状态 | 备注 |
| 1 | 1211170 | 212111702 | 第二样本阅览室/ [索取号:TU983/1576] | 在馆 | |
| 2 | 1211171 | 212111711 | 第三借阅区/ [索取号:TU983/1576] | 在馆 | |
| 3 | 1211172 | 212111720 | 第三借阅区/ [索取号:TU983/1576] | 在馆 | |
| 4 | 1211173 | 212111739 | 第三借阅区/ [索取号:TU983/1576] | 在馆 |